| 000 | 00578pam a2200181 a 4500 | ||
|---|---|---|---|
| 020 | _a0898744148 | ||
| 082 | 0 | 0 |
_a539.74 _bEVA _cL-7, P-27. |
| 100 | 1 |
_aEvans, Robley Dunglison, _940096 |
|
| 245 | 1 | 4 |
_aThe atomic nucleus / _cRobley D. Evans. |
| 260 |
_aMalabar, Fla. : _bR.E. Krieger, _c1982, c1955. |
||
| 300 |
_axv, 972 p. : _bill. ; _c24 cm. |
||
| 500 | _aIncludes index. | ||
| 500 | _aReprint. Originally published: New York : McGraw-Hill, 1955. | ||
| 526 |
_a0 _b0 _c0 _d539_740000000000000_EVA |
||
| 650 | 0 |
_aMCE _9379 |
|
| 650 | 0 |
_aNuclear physics. _9259 |
|
| 942 |
_2ddc _cBK |
||
| 999 |
_c544463 _d544463 |
||